00327pab a2200133 454500008004000000100002000040245005500060260000900115300001000124362000800134650001000142650002100152773002000173180718b1999 xxu||||| |||| 00| 0 eng d aRaji Gain, T.S. aAccess of women to banking - issues and approaches c1999 ap.3-7 aJul aBanks aWomen in finance aBanking Finance